| 000 | 01672cam a2200481 i 4500 | ||
|---|---|---|---|
| 001 | 1346 | ||
| 003 | KOSZ 005 | ||
| 005 | 20250627063937.0 | ||
| 008 | 250626s1979 pl a f 001 0 pol | ||
| 015 | _aUWD 1979/8506 | ||
| 020 | _a8320400163 | ||
| 035 | _a991015141149705066 | ||
| 035 | _a(PL-WaBN)b14067225-48omnis_nlop | ||
| 035 | _ab14067225 | ||
| 035 | _a(OCoLC)830277286 | ||
| 035 | _a(PL)b0000001406722 | ||
| 035 | _a(EXLNZ-48OMNIS_NETWORK)9910222232605606 | ||
| 040 |
_aWA N _cWA N _dKOSZ 005/RW |
||
| 046 | _k1979 | ||
| 080 | _a621.9 | ||
| 100 | 1 |
_aPaderewski, Karol _eAutor |
|
| 245 | 1 | 0 |
_aVademecum obrabiarek skrawających : _bzagadnienia ogólne, napęd i sterowanie, mechanizmy i elementy, budowa i zastosowanie / _cKarol Paderewski. |
| 250 | _aWydanie I. | ||
| 260 |
_aWarszawa : _bWydawnictwa Naukowo-Techniczne, _c1979. |
||
| 300 |
_a419, [1] stron : _bilustracje, tabele, wykresy ; _c22 cm. |
||
| 336 |
_aTekst _btxt _2rdacontent |
||
| 337 |
_aBez urządzenia pośredniczącego _bn _2rdamedia |
||
| 338 |
_aWolumin _bnc _2rdacarrier |
||
| 380 | _aKsiążki | ||
| 380 | _aPublikacje dydaktyczne | ||
| 380 | _aPublikacje fachowe | ||
| 385 |
_mPoziom nauczania _aSzkoły wyższe |
||
| 388 | 1 | _a1901-2000 | |
| 388 | 1 | _a1945-1989 | |
| 504 | _aBibliografia na stronie [406]. Indeks. | ||
| 650 | 7 |
_aObrabiarka skrawająca _2DBN |
|
| 655 | 7 | _aVademecum | |
| 658 | _aInżynieria i technika | ||
| 710 | 2 |
_aWydawnictwa Naukowo-Techniczne _4pbl |
|
| 856 |
_uhttps://koha.tu.koszalin.pl/cgi-bin/koha/opac-detail.pl?biblionumber=1346 _yKatalog online BPK |
||
| 942 |
_2UKD _cKS |
||
| 999 |
_c1346 _d1346 |
||